000 01185nam a2200289Ia 4500
001 F4661
003 IT-RoPAU
008 130308s9999 xx 000 0 und d
040 _aIT-RoPAU
040 _cIT-RoPAU
041 _aITALIANO
100 _aBoniolo Bruno
100 _gCodice Aut. SPICS: 51708
245 _aSul rapporto fra tecnologia e formazione
245 _bTecnologia per Il XXI Secolo (La)
250 _a1a ed.
260 _aTORINO
260 _bEinaudi
260 _c1998 [1° Ed.:1998 - Ed.Ling.Originale:1998]
300 _a"30 p. (prefazione: no ; testo: 30 [pagine: 156-185])"
500 _aIntervenire Sul livello Logico delle reti o su Quello delle Applicazioni? Riferimenti per una Formazione Alla Tecnologia: Problemi di Autoregolazionenella Costruzione della Conoscenza: Formazione Permanente e Formazione a Distanza, Moltiplicazione degli Allievi e dei Formatori, studiare le Macchine o con le Macchine? tecnologie Didattiche: insegnare con le Macchine: variabili in Gioco, Interazione e Valutazione.
650 _aPOLITICA DELLA COMUNICAZIONE SOCIALE
650 _eCodice materia Spics: 3803
942 _cBK
957 _71
999 _c79876
_d79876
999 _g1